[Event "79th ARM-ch 1st League 2018"]
[Site "Yerevan"]
[Date "2018.08.09"]
[Round "1"]
[White "Hakobyan, Aram"]
[Black "Davtyan, Artur"]
[Result "1/2-1/2"]
[WhiteElo "2545"]
[BlackElo "2353"]
[Annotator "TA"]
[PlyCount "69"]
[EventDate "2018.08.09"]
[EventType "tourn"]
[EventCountry "ARM"]
[SourceTitle "playchess.com"]
[Source "ChessBase"]
[SourceQuality "1"]

{[%evp 20,69,14,16,34,6,14,17,6,14,4,0,0,0,0,-22,-23,-23,-18,-25,-18,-32,-29,-35,-29,-33,-28,-26,0,-98,-98,-98,-98,-98,-98,-98,-98,-92,-77,-87,-85,-94,-94,-77,-68,-98,-98,-98,-70,-98,-68,-98]} 1. e4 e5 2. Nf3 Nc6 3. Bb5 a6 4. Ba4 Nf6 {[%cal Bg8f6,Bf6e4,Be4c5,Bc5e6][%mdl 32]} 5. O-O Nxe4 6. Re1 Nc5 7. Bxc6 dxc6 8. Nxe5 Be7 9. d4 Ne6 10. Be3 O-O 11. c4 {LiveBook: 11 Partien} Bd6 {C80: Spanische Partie (Offene Verteidigung)} (11... Re8 12. Nc3 f6 13. Nf3 Nf8 14. Qb3 Bg4 15. Nd2 b6 16. d5 c5 17. h3 Bh5 18. Nde4 Bd6 19. Nxd6 Qxd6 {1-0 (57) Martirosyan,H (2572)-Petrosyan,M (2551) Yerevan 2018}) 12. c5 Nxc5 $146 ({Vorgänger:} 12... Be7 13. Nc3 Bf6 14. Ne4 Be7 15. Nc3 Bf6 16. Ne4 Be7 17. Nc3 f6 18. Nf3 f5 19. Qb3 Kh8 20. Rac1 f4 {½-½ (20) Ramos Barbancho,J (1455)-Rodriguez Varela,A (1745) Madrid 2015}) 13. Nxf7 Rxf7 {Die Stellung ist ausgeglichen.} 14. dxc5 Be7 15. Qb3 Qd5 16. Qxd5 cxd5 17. Nc3 c6 18. Bd4 Bf5 19. f3 Bg5 20. Kf2 Raf8 21. Ne2 Bg6 22. Kg1 Bd2 {Und weiter mit ...Te7 wäre nett.} 23. Red1 Bg5 24. Ng3 {[#]} (24. Re1 $11) 24... h5 $1 $36 {[%cal Bh7h5,Bh5h4][%mdl 2080] Weiss steht unter starkem Druck.} 25. Nf1 h4 26. h3 Re8 27. Re1 Rfe7 28. Kf2 Bf4 29. Rxe7 Rxe7 30. Ne3 Bd3 31. Rd1 Bb5 32. b3 {[#]} a5 $1 33. Rc1 g6 34. Rd1 Kf7 35. a3 {Precision: Weiß = 47%, Schwarz = 69%.} 1/2-1/2

[Event "79th ARM-ch 1st League 2018"]
[Site "Yerevan"]
[Date "2018.08.09"]
[Round "1"]
[White "Harutyunian, Tigran K"]
[Black "Gharibyan, Mamikon"]
[Result "1/2-1/2"]
[WhiteElo "2504"]
[BlackElo "2341"]
[Annotator "ChessBase"]
[PlyCount "50"]
[EventDate "2018.08.09"]
[EventType "tourn"]
[EventCountry "ARM"]
[SourceTitle "playchess.com"]
[Source "ChessBase"]
[SourceQuality "1"]
[TimeControl "40/5400+30:1800+30"]

1. c4 {[%emt 0:00:00]} e6 {[%emt 0:01:00]} 2. Nc3 {[%emt 0:01:45]} d5 {[%emt 0:01:06]} 3. d4 {[%emt 0:00:11]} a6 {[%emt 0:03:45]} 4. cxd5 {[%emt 0:07:51]} exd5 {[%emt 0:00:13]} 5. Bf4 {[%emt 0:00:08]} Nf6 {[%emt 0:01:12]} 6. e3 {[%emt 0:00:18]} Bd6 {[%emt 0:02:39]} 7. Bxd6 {[%emt 0:04:24]} Qxd6 {[%emt 0:00:10]} 8. Bd3 {[%emt 0:00:05]} O-O {[%emt 0:01:25]} 9. h3 {[%emt 0:00:45]} b6 {[%emt 0:12:32]} 10. Nge2 {[%emt 0:10:53]} c5 {[%emt 0:03:07]} 11. dxc5 {[%emt 0:05:29]} bxc5 {[%emt 0:01:33]} 12. O-O {[%emt 0:00:06]} Be6 {[%emt 0:02:55]} 13. Rc1 {[%emt 0:01:29]} Nbd7 {[%emt 0:01:01]} 14. Bb1 {[%emt 0:01:45]} Rfd8 {[%emt 0:12:04]} 15. Na4 {[%emt 0:04:20]} Rac8 {[%emt 0:06:46]} 16. e4 {[%emt 0:03:24]} Qb8 {[%emt 0:07:27]} 17. exd5 {[%emt 0:00:53]} Bxd5 {[%emt 0:01:51]} 18. Nac3 {[%emt 0:16:49]} Bc6 {[%emt 0:03:50]} 19. Qc2 {[%emt 0:02:58]} Qb7 {[%emt 0:07:25]} 20. Nf4 {[%emt 0:05:18]} Ne5 {[%emt 0:09:48]} 21. Rfd1 {[%emt 0:11:05]} Bxg2 {[%emt 0:17:45]} 22. Nxg2 {[%emt 0:00:35]} Nf3+ {[%emt 0:00:06]} 23. Kf1 {[%emt 0:00:25]} Nh2+ {[%emt 0:00:47]} 24. Kg1 {[%emt 0:00:06]} Nf3+ {[%emt 0:00:03]} 25. Kf1 {[%emt 0:00:06]} Nh2+ {[%emt 0:01:18]} 1/2-1/2

[Event "79th ARM-ch 1st League 2018"]
[Site "Yerevan"]
[Date "2018.08.09"]
[Round "1"]
[White "Mikaelyan, Arman"]
[Black "Poghosyan, Suren"]
[Result "1/2-1/2"]
[WhiteElo "2496"]
[BlackElo "2301"]
[Annotator "TA"]
[PlyCount "122"]
[EventDate "2018.08.09"]
[EventType "tourn"]
[EventCountry "ARM"]
[SourceTitle "playchess.com"]
[Source "ChessBase"]
[SourceQuality "1"]

{[%evp 28,122,75,65,54,68,69,66,60,51,56,32,47,37,65,62,59,63,56,62,71,55,82,75,77,76,86,91,99,99,91,68,98,89,78,31,62,35,26,26,38,38,25,20,73,64,101,8,8,8,17,18,18,16,14,0,0,0,0,0,0,0,0,0,6,0,6,0,0,0,0,0,0,0,0,0,0,0,0,0,0,0,0,0,0,0,0,0,0,0,0,0,0,0,0,0,0]} 1. Nf3 Nf6 2. c4 c5 3. Nc3 Nc6 4. e3 e6 5. d4 d5 6. cxd5 exd5 7. Bb5 Bd6 8. dxc5 Bxc5 9. O-O O-O 10. b3 a6 11. Bxc6 bxc6 12. Bb2 Bg4 13. Rc1 {D32: Tarrasch Defence: Sidelines and lines without g3} Rc8 14. Ne2 Bd6 {[#]} 15. Ne5 $1 {LiveBook: 5 Games. White is better.} Bxe5 16. Bxe5 Qe7 {[#]} 17. Bb2 $146 ({Predecessor:} 17. Bxf6 Qxf6 18. f3 Bd7 19. Qd4 Qe7 20. Nc3 Rfe8 {1-0 (78) Giri,A (2791)-L'Ami,E (2628) Amsterdam 2015}) 17... Rfd8 18. Re1 {[%cal Bf1e1,Be1e2,Be2c2][%mdl 32]} c5 19. Qd3 Bxe2 20. Rxe2 Qd6 21. Qf5 Qe6 22. Qxe6 fxe6 23. Rec2 Nd7 24. Bd4 {[%cal Rd4c5]} Rc6 25. Bxc5 Rdc8 {[%cal Rc6c5]} 26. b4 e5 27. Kf1 Kf7 28. Ke2 Ke6 29. Kd2 g5 30. f3 h5 31. a4 R8c7 32. e4 d4 33. g3 Rb7 34. h4 gxh4 35. gxh4 Rb8 (35... Kf7 $1 $11 {keeps the balance.}) 36. Rg1 $16 Kf7 $1 {[#]} 37. Rg5 (37. f4 $1 $16) 37... a5 $1 $11 {The position is equal.} 38. Rxh5 axb4 39. Rh7+ Ke6 $1 40. Re7+ Kf6 41. Bxb4 Rxb4 42. Rxd7 {[%cal Rc2c6]} Rxc2+ 43. Kxc2 {And now a5 would win.} Rxa4 {[%mdl 4096] Endgame KR-KR} 44. Rd6+ Ke7 45. Rg6 (45. Kb3 {feels hotter.} Ra1 46. Rg6 Rh1 47. Rg5 Kf6 48. f4) 45... Ra2+ 46. Kd3 Ra3+ 47. Ke2 Ra2+ 48. Ke1 Rh2 49. Rh6 Rh1+ 50. Kf2 Rh2+ 51. Kg3 d3 {Threatens to win with ...d2.} 52. Rh5 (52. Kxh2 $2 d2 $19) 52... Kd6 $1 {Strongly threatening ...d2.} 53. Rh8 (53. Kxh2 $2 {is the wrong capture.} d2 $19) 53... Ke7 {...d2 is the strong threat.} 54. Rh7+ (54. Kxh2 d2 $17) (54. Rh5 $5 {[%cal Rh5e5]} Kd6 55. Rh8 $11 (55. Kxh2 d2 $17)) 54... Ke6 {aiming for ...d2.} 55. Ra7 ({Much worse is} 55. Kxh2 d2 $17) 55... d2 56. Ra6+ $1 Ke7 57. Ra1 Re2 {White must now prevent ...Re1.} 58. Rd1 Kf6 59. Kg4 Rg2+ 60. Kh3 $1 {[%cal Rh3g2]} Rf2 61. Kg3 Re2 {Precision: White = 64%, Black = 67%.} 1/2-1/2

[Event "79th ARM-ch 1st League 2018"]
[Site "Yerevan"]
[Date "2018.08.09"]
[Round "1"]
[White "Sargsyan, Shant"]
[Black "Martirosyan, Garik"]
[Result "1-0"]
[WhiteElo "2472"]
[BlackElo "2145"]
[Annotator "TA"]
[PlyCount "83"]
[EventDate "2018.08.09"]
[EventType "tourn"]
[EventCountry "ARM"]
[SourceTitle "playchess.com"]
[Source "ChessBase"]
[SourceQuality "1"]

{[%evp 19,83,0,5,0,1,-21,32,0,0,0,0,0,14,-28,-27,-33,-30,-44,0,0,0,0,42,0,0,0,54,52,54,46,53,53,45,47,49,52,51,43,70,45,37,37,73,70,83,77,73,41,42,63,48,53,58,61,54,45,102,92,78,78,329,357,348,332,6095,6087]} 1. e4 e5 2. Nf3 Nf6 3. Nxe5 d6 4. Nf3 Nxe4 5. Nc3 Nxc3 6. dxc3 Be7 7. Be3 O-O 8. Qd2 {C42: Petroff Defence: 3 Nxe5 and unusual White 3rd moves} Nd7 9. O-O-O b6 10. h4 {[%cal Bh2h4,Bh4h5,Bh5h6][%mdl 32]} Bb7 {LiveBook: 8 Games} 11. h5 (11. Bd3 Re8 12. Kb1 Bf6 13. Rh3 Nc5 14. Bxc5 bxc5 15. g4 c4 16. Bxc4 {½-½ (26) Caruana,F (2822)-Mamedyarov,S (2808) Stavanger 2018}) 11... Nc5 12. Kb1 $146 ({Predecessor:} 12. Bc4 Bf6 13. h6 g6 14. Bd4 Ne6 15. Bxf6 Qxf6 {½-½ (38) Domancich,E (2297)-Netolitzky,G (2275) ICCF email 2011}) 12... Bf6 (12... h6 $11) 13. h6 {Threatens to win with hxg7.} g6 14. Ng5 Re8 {aiming for ...Rxe3!} 15. f4 d5 16. Bd4 Bxg5 17. fxg5 Ne4 18. Qf4 Qxg5 19. Qxc7 Re7 20. Qh2 Ng3 21. Rg1 (21. Bf6 $5 Qxf6 22. Qxg3 $11) 21... Nf5 22. Bd3 Qg3 ({Black should play} 22... Qxh6 $11 23. Qxh6 Nxh6) 23. Qxg3 $14 Nxg3 24. a4 Bc6 25. b3 Rae8 26. Kb2 Ne2 27. Bxe2 Rxe2 28. g4 Rh2 29. Rh1 Rg2 30. Rdg1 Rd2 31. Re1 {Black must now prevent Rxe8+.} Ree2 32. Rxe2 Rxe2 $16 {[%mdl 4096] Endgame KRB-KRB} 33. Bf6 Bd7 34. Rd1 Bxg4 35. Rxd5 {Rd8+ would kill now.} Kf8 36. a5 bxa5 37. Rxa5 Bf5 (37... Re6 $14 38. Bg7+ Ke8) 38. Rxa7 Rxc2+ 39. Ka3 {Threatening mate with Ra8+.} Ke8 $2 {[%mdl 8192] [#]} (39... Re2 $16) 40. Re7+ $1 $18 Kf8 41. Re3 {White threatens Bg7+ and mate.} Be6 $2 {[#]} (41... Bd7 42. Bg7+ Kg8) 42. Rd3 $1 {Precision: White = 68%, Black = 49%.} 1-0

[Event "79th ARM-ch 1st League 2018"]
[Site "Yerevan"]
[Date "2018.08.09"]
[Round "1"]
[White "Hayrapetyan, Hovik"]
[Black "Mkrtchyan, Sargis R"]
[Result "1/2-1/2"]
[WhiteElo "2439"]
[BlackElo "2239"]
[Annotator "TA"]
[PlyCount "86"]
[EventDate "2018.08.09"]
[EventType "tourn"]
[EventCountry "ARM"]
[SourceTitle "playchess.com"]
[Source "ChessBase"]
[SourceQuality "1"]

{[%evp 18,86,31,16,37,31,35,39,34,27,19,27,31,19,23,0,0,0,0,0,0,0,0,0,0,0,12,12,12,14,20,11,15,11,11,0,0,0,0,0,0,0,0,0,0,0,0,0,0,0,0,0,0,0,0,0,0,0,0,0,0,0,0,-42,0,0,0,-29988,0,0,0]} 1. Nf3 Nf6 2. c4 g6 3. g3 Bg7 4. Bg2 O-O 5. O-O d6 6. Nc3 e5 7. d4 Nc6 8. d5 Nb8 9. Ne1 {E62: King's Indian: Fianchetto: 6...c6 and Panno Variation (6...Nc6) without ...a6} a5 10. Nd3 {LiveBook: 11 Games} Qe7 (10... Na6 11. e4 Nd7 12. Be3 Ndc5 13. Nxc5 Nxc5 14. Qd2 f5 15. exf5 gxf5 16. f4 e4 {1-0 (50) Svidler,P (2753)-Yu,Y (2759) Shenzhen 2018}) 11. e4 {White is slightly better.} Nfd7 $146 ({Predecessor:} 11... Na6 12. f3 Nd7 13. Be3 Ndc5 14. Nf2 Bd7 15. Qd2 Rab8 16. Rab1 b6 {1-0 (62) Kortschnoj,V-Byvshev,V Leningrad (Russia) 1956}) 12. Be3 Na6 13. a3 Ndc5 14. Nxc5 Nxc5 15. Qc2 f5 16. exf5 Bxf5 17. Ne4 Nxe4 18. Bxe4 a4 19. f3 b6 20. Rae1 Qd7 21. Qe2 Rf7 22. g4 Bxe4 23. fxe4 Raf8 24. Rxf7 Rxf7 25. Rf1 Rxf1+ 26. Kxf1 Bf6 27. Ke1 Kg7 28. Kd2 h6 29. h3 Bg5 30. Bxg5 hxg5 $11 {[%mdl 4096] Endgame KQ-KQ} 31. Kc3 Qc8 32. Qd2 Kh6 33. Qf2 Kg7 34. Kd3 Qh8 35. Qe3 Qf8 36. Kc3 Qf4 37. Qd3 Qc1+ 38. Kb4 Qxb2+ 39. Kxa4 Kf6 40. Qf3+ Ke7 41. Qe3 Kd7 42. Qxg5 $2 {[%mdl 8192] [#]} (42. Qf3 $11) 42... Qc2+ $2 (42... Qc3 {mates} 43. Qd2 Qxd2 44. Kb3 Qd3+ 45. Ka2 Qxc4+ 46. Kb2 Qxe4 47. a4 Qd4+ 48. Kb3 e4 49. a5 bxa5 50. h4 e3 51. Kc2 a4 52. Kc1 e2 53. h5 e1=Q+ 54. Kc2 Qdd2#) 43. Kb4 c5+ {Precision: White = 63%, Black = 70%.} 1/2-1/2

[Event "79th ARM-ch 1st League 2018"]
[Site "Yerevan"]
[Date "2018.08.09"]
[Round "1"]
[White "Hayrapetyan, Artavazd R"]
[Black "Babujian, Levon"]
[Result "1-0"]
[WhiteElo "2371"]
[BlackElo "2459"]
[Annotator "ChessBase"]
[PlyCount "81"]
[EventDate "2018.08.09"]
[EventType "tourn"]
[EventCountry "ARM"]
[SourceTitle "playchess.com"]
[Source "ChessBase"]
[SourceQuality "1"]
[TimeControl "40/5400+30:1800+30"]

1. d4 {[%emt 0:00:00]} Nf6 {[%emt 0:02:09]} 2. c4 {[%emt 0:00:00]} e6 {[%emt 0:01:52]} 3. Nf3 {[%emt 0:05:42]} d5 {[%emt 0:00:19]} 4. Nc3 {[%emt 0:02:39]} Bb4 {[%emt 0:00:15]} 5. e3 {[%emt 0:01:37]} O-O {[%emt 0:00:23]} 6. Bd2 {[%emt 0:04:00]} c5 {[%emt 0:00:35]} 7. a3 {[%emt 0:05:14]} Bxc3 {[%emt 0:00:51]} 8. Bxc3 {[%emt 0:00:06]} Ne4 {[%emt 0:00:42]} 9. Rc1 {[%emt 0:00:19]} b6 {[%emt 0:04:12]} 10. dxc5 {[%emt 0:04:09]} bxc5 {[%emt 0:00:22]} 11. Bd3 {[%emt 0:00:14]} Nxc3 {[%emt 0:00:43]} 12. Rxc3 {[%emt 0:00:06]} Nd7 {[%emt 0:01:47]} 13. cxd5 {[%emt 0:06:20]} exd5 {[%emt 0:00:15]} 14. O-O {[%emt 0:01:29]} Bb7 {[%emt 0:01:41]} 15. Bf5 {[%emt 0:06:03]} Rc8 {[%emt 0:00:38]} 16. Qc2 {[%emt 0:01:47]} c4 {[%emt 0:20:30]} 17. Bxh7+ {[%emt 0:03:21]} Kh8 {[%emt 0:00:05]} 18. Bf5 {[%emt 0:00:41]} g6 {[%emt 0:00:05]} 19. Bxd7 {[%emt 0:01:13]} Qxd7 {[%emt 0:00:04]} 20. Qd2 {[%emt 0:03:30]} Kg7 {[%emt 0:00:59]} 21. Qd4+ {[%emt 0:01:45]} f6 {[%emt 0:00:06]} 22. Qxa7 {[%emt 0:00:43]} Rce8 {[%emt 0:01:24]} 23. Rd1 {[%emt 0:04:23]} Re4 {[%emt 0:05:12]} 24. Rd4 {[%emt 0:07:59]} Qb5 {[%emt 0:01:33]} 25. Rd2 {[%emt 0:08:33]} Rh8 {[%emt 0:08:18]} 26. h3 {[%emt 0:06:16]} Qd7 {[%emt 0:04:14]} 27. Rd4 {[%emt 0:01:35]} Ra8 {[%emt 0:16:11]} 28. Qc5 {[%emt 0:01:47]} Rc8 {[%emt 0:00:28]} 29. Qb4 {[%emt 0:01:05]} Re7 {[%emt 0:00:10]} 30. b3 {[%emt 0:01:16]} Qe8 {[%emt 0:06:59]} 31. bxc4 {[%emt 0:02:24]} Rb8 {[%emt 0:00:07]} 32. Rb3 {[%emt 0:01:13]} dxc4 {[%emt 0:00:12]} 33. Rxc4 {[%emt 0:01:56]} Rd7 {[%emt 0:01:14]} 34. Rd4 {[%emt 0:00:47]} Rc7 {[%emt 0:00:06]} 35. Rc3 {[%emt 0:04:04]} Bc6 {[%emt 0:03:58]} 36. Qd6 {[%emt 0:00:59]} Rbc8 {[%emt 0:03:23]} 37. Qg3 {[%emt 0:00:18]} Rb7 {[%emt 0:03:01]} 38. Rdc4 {[%emt 0:00:11]} Rb1+ {[%emt 0:00:20]} 39. Kh2 {[%emt 0:00:05]} Rb5 {[%emt 0:04:26]} 40. e4 {[%emt 0:00:00]} Rh5 {[%emt 0:00:00]} 41. Qd6 {[%emt 0:02:46]} 1-0

[Event "79th ARM-ch 1st League 2018"]
[Site "Yerevan"]
[Date "2018.08.09"]
[Round "1"]
[White "Hoghmrtsyan, Artur"]
[Black "Sargsyan, Tigran R"]
[Result "1/2-1/2"]
[WhiteElo "2157"]
[BlackElo "2136"]
[Annotator "NA"]
[PlyCount "93"]
[EventDate "2018.08.09"]
[EventType "tourn"]
[EventCountry "ARM"]
[SourceTitle "playchess.com"]
[Source "ChessBase"]
[SourceQuality "1"]
[TimeControl "40/5400+30:1800+30"]

1. d4 {[%emt 0:00:00]} d5 {[%emt 0:00:05]} 2. c4 {[%emt 0:00:00]} c6 {[%emt 0:00:38]} 3. cxd5 {[%emt 0:00:12]} cxd5 {[%emt 0:00:08]} 4. Bf4 {[%emt 0:00:23]} Nc6 {[%emt 0:00:36]} 5. e3 {[%emt 0:00:25]} Nf6 {[%emt 0:00:23]} 6. Nc3 {[%emt 0:00:35]} Bf5 {[%emt 0:00:59]} 7. Qb3 {[%emt 0:04:14]} Na5 {[%emt 0:00:43]} 8. Qa4+ {[%emt 0:00:20]} Bd7 {[%emt 0:00:22]} 9. Qc2 {[%emt 0:00:09]} e6 {[%emt 0:00:37]} 10. Nf3 {[%emt 0:05:20]} Rc8 {[%emt 0:08:27]} 11. Bd3 {[%emt 0:02:36]} b5 {[%emt 0:01:32]} 12. a3 {[%emt 0:02:35]} Be7 {[%emt 0:00:41]} 13. O-O {[%emt 0:01:26]} O-O {[%emt 0:00:55]} 14. Ne5 {[%emt 0:05:25]} Nc4 {[%emt 0:02:36]} 15. Rfc1 {[%emt 0:01:36]} a5 {[%emt 0:03:05]} 16. Qe2 {[%emt 0:02:06]} a4 {[%emt 0:02:02]} 17. h3 {[%emt 0:17:45]} Be8 {[%emt 0:04:13]} 18. Bg5 {[%emt 0:10:57]} Nd7 {[%emt 0:11:31]} 19. Bxe7 {[%emt 0:02:29]} Qxe7 {[%emt 0:00:15]} 20. Nxd7 {[%emt 0:10:53]} Qxd7 {[%emt 0:20:28]} 21. Rc2 {[%emt 0:14:28]} f6 {[%emt 0:11:11]} 22. Rac1 {[%emt 0:04:20]} Bg6 {[%emt 0:04:27]} 23. Bxg6 {[%emt 0:00:19]} hxg6 {[%emt 0:00:08]} 24. Qd3 {[%emt 0:00:26]} Kf7 {[%emt 0:02:33]} 25. Rd1 {[%emt 0:06:21]} Rfd8 {[%emt 0:03:25]} 26. Ne2 {[%emt 0:01:46]} Rh8 {[%emt 0:11:55]} 27. f4 {[%emt 0:03:50]} Qd6 {[%emt 0:02:18]} 28. Nc3 {[%emt 0:01:20]} Rb8 {[%emt 0:01:33]} 29. Na2 {[%emt 0:01:19]} g5 {[%emt 0:02:23]} 30. Rf1 {[%emt 0:00:28]} gxf4 {[%emt 0:00:49]} 31. Rxf4 {[%emt 0:00:15]} g5 {[%emt 0:00:38]} 32. Rf3 {[%emt 0:01:02]} g4 {[%emt 0:00:46]} 33. hxg4 {[%emt 0:00:18]} Qh2+ {[%emt 0:00:21]} 34. Kf2 {[%emt 0:00:10]} Rbg8 {[%emt 0:00:59]} 35. Qf1 {[%emt 0:00:57]} Rxg4 {[%emt 0:00:54]} 36. Ke1 {[%emt 0:00:31]} Qh4+ {[%emt 0:01:20]} 37. Rcf2 {[%emt 0:00:20]} f5 {[%emt 0:00:40]} 38. Rh3 {[%emt 0:00:24]} Qf6 {[%emt 0:01:39]} 39. Rxh8 {[%emt 0:00:22]} Qxh8 {[%emt 0:00:35]} 40. Rxf5+ {[%emt 0:00:00]} exf5 {[%emt 0:00:00]} 41. Qxf5+ {[%emt 0:03:58]} Ke7 {[%emt 0:07:47]} 42. Qxg4 {[%emt 0:00:20]} Qh1+ {[%emt 0:02:24]} 43. Kf2 {[%emt 0:02:28]} Qb1 {[%emt 0:03:48]} 44. Qg5+ {[%emt 0:08:10]} Kf8 {[%emt 0:01:19]} 45. Qd8+ {[%emt 0:10:28]} Kg7 {[%emt 0:00:39]} 46. Qe7+ {[%emt 0:00:40]} Kg8 {[%emt 0:00:44]} 47. Qg5+ {Kg7 Qxg7} 1/2-1/2

[Event "79th ARM-ch 1st League 2018"]
[Site "Yerevan"]
[Date "2018.08.10"]
[Round "2"]
[White "Hakobyan, Aram"]
[Black "Harutyunian, Tigran K"]
[Result "1-0"]
[WhiteElo "2545"]
[BlackElo "2504"]
[Annotator "TA"]
[PlyCount "55"]
[EventDate "2018.08.09"]
[EventType "tourn"]
[EventCountry "ARM"]
[SourceTitle "playchess.com"]
[Source "ChessBase"]
[SourceQuality "1"]

{[%evp 17,55,64,72,66,50,43,45,24,62,58,66,52,61,63,75,27,27,22,26,24,125,135,100,116,141,143,128,122,154,158,192,189,251,238,376,363,1040,972,1360,1357]} 1. Nf3 d5 2. g3 Bg4 3. Bg2 Nd7 4. c4 dxc4 (4... e6 5. Qb3 Nc5 6. Qc2 Nf6 7. O-O c6 8. d4 Ncd7 9. Nc3 Be7 10. Ne5 Bf5 11. Qb3 Qb6 12. Nxd7 Nxd7 {½-½ (37) Almasi,Z (2682)-Movsesian,S (2647) Riadh 2017}) 5. Na3 {[%cal Bb1a3,Ba3c4,Bc4e5][%mdl 32]} c6 6. Nxc4 {A07: Barcza-System (Königsfianchetto mit möglichen Übergängen in andere Systeme)} Ngf6 7. d4 e6 8. O-O Be7 9. Qb3 Nb6 {LiveBook: 5 Partien} 10. Nce5 Bh5 11. Re1 $146 ({Vorgänger:} 11. Bg5 O-O 12. Rfe1 {0-1 (62) Pavlov,S (2415)-Khaiminov,A (2201) Rodatychi 2006}) 11... O-O 12. e4 a5 13. Bd2 a4 14. Qc2 Nbd7 15. Bc3 Qb6 16. d5 Nxe5 17. Nxe5 cxd5 18. exd5 exd5 {[#]} (18... Bc5 $11 {hält das Gleichgewicht.}) 19. g4 $1 $16 {[%cal Rg4h5][%mdl 512]} d4 {[#]} (19... Nxg4 20. Nxg4) 20. Bd2 $1 Bxg4 21. Nxg4 Nxg4 {[#]} 22. Qe4 $1 ({Ein No Go ist} 22. Rxe7 $6 d3 $11) 22... Qxb2 {Droht stark ...h5.} 23. Qxg4 Ra6 24. Qe2 d3 (24... Rg6 {ist eine bessere Verteidigung.} 25. Qxe7 Qxd2) 25. Qxd3 $18 ({Finger weg von} 25. Qxe7 $6 Qxd2 26. Red1 (26. Qxb7 Rd6 $16) 26... Qb2 $16) 25... Bf6 (25... Bc5 $142 26. Qc3 Qxc3 27. Bxc3 Rg6) 26. Rab1 Qxa2 $2 (26... Qd4 27. Qxd4 Bxd4 28. Rxb7 Rf6) 27. Bb4 Rb8 28. Bd5 {Precision: Weiß = 85%, Schwarz = 31%.} 1-0

[Event "79th ARM-ch 1st League 2018"]
[Site "Yerevan"]
[Date "2018.08.10"]
[Round "2"]
[White "Babujian, Levon"]
[Black "Hoghmrtsyan, Artur"]
[Result "1-0"]
[WhiteElo "2459"]
[BlackElo "2157"]
[Annotator "TA"]
[PlyCount "67"]
[EventDate "2018.08.09"]
[EventType "tourn"]
[EventCountry "ARM"]
[SourceTitle "playchess.com"]
[Source "ChessBase"]
[SourceQuality "1"]

{[%evp 27,67,-4,29,24,30,7,0,15,18,20,29,32,28,38,33,0,0,0,0,0,8,0,0,0,39,41,94,106,117,128,141,124,160,130,97,0,323,329,529,525,722,479]} 1. c4 e6 2. Nc3 d5 3. d4 Be7 4. Nf3 Nf6 5. Bg5 h6 6. Bh4 O-O 7. e3 Ne4 8. Bxe7 Qxe7 9. Rc1 c6 10. g4 {D56: Queen's Gambit Declined: Lasker Defence} (10. Qc2 Nd7 11. Be2 Nxc3 12. Qxc3 dxc4 13. Qxc4 e5 14. O-O Re8 15. a3 exd4 16. Nxd4 Nf6 17. Rfd1 Ne4 {0-1 (85) So,W (2778)-Nakamura,H (2769) Leuven 2018}) 10... Nd7 11. h4 e5 12. cxd5 Nxc3 13. Rxc3 cxd5 14. g5 h5 {LiveBook: 8 Games} (14... e4 $5 {[%cal Re4f3]}) 15. dxe5 Nxe5 16. Qxd5 $146 ({Predecessor:} 16. Be2 Bg4 17. Nxe5 Bxe2 {1-0 (37) Rozum,I (2498)-Baglaev,E (2099) St Petersburg 2012}) 16... Nxf3+ 17. Qxf3 Qb4 18. Qe2 Qe4 19. f3 Qb1+ 20. Kf2 Qxa2 21. Bg2 Rd8 22. Rhc1 {[%cal Bh1c1,Bc1c2,Bc2c3][%mdl 32]} Qa5 23. R1c2 Be6 24. Rc5 Qb4 25. f4 Bb3 26. R2c3 {[#] Hoping for Rb5.} Bd1 (26... Be6 $14) 27. Qb5 $36 {[%mdl 2048] White is really pushing.} Rd2+ 28. Kg3 Rxg2+ 29. Kxg2 Qe4+ 30. Kg1 {And now R5c4 would win.} Bg4 {Threatens to win with ...Rd8.} 31. f5 ({Better is} 31. Qf1 $16) 31... Kh7 $2 {[%mdl 8192] [#]} (31... Bh3 $11 {and Black is okay.} 32. Qe2 Qxh4) 32. Qd3 $1 $18 {[%cal Rd3e4]} Qf3 $2 (32... Bf3) 33. e4 Qf4 34. Qe3 {Precision: White = 66%, Black = 44%.} 1-0

[Event "79th ARM-ch 1st League 2018"]
[Site "Yerevan"]
[Date "2018.08.10"]
[Round "2"]
[White "Davtyan, Artur"]
[Black "Sargsyan, Tigran R"]
[Result "1-0"]
[WhiteElo "2353"]
[BlackElo "2136"]
[Annotator "NA"]
[PlyCount "73"]
[EventDate "2018.08.09"]
[EventType "tourn"]
[EventCountry "ARM"]
[SourceTitle "playchess.com"]
[Source "ChessBase"]
[SourceQuality "1"]
[TimeControl "40/5400+30:1800+30"]

1. d4 {[%emt 0:00:00]} d5 {[%emt 0:00:00]} 2. c4 {[%emt 0:00:00]} c6 {[%emt 0:00:00]} 3. Nf3 {[%emt 0:00:00]} Nf6 {[%emt 0:00:00]} 4. e3 {[%emt 0:00:00]} Bg4 {[%emt 0:01:05]} 5. Qb3 {[%emt 0:00:07]} Qb6 {[%emt 0:00:43]} 6. Nc3 {[%emt 0:03:09]} e6 {[%emt 0:01:15]} 7. Nh4 {[%emt 0:01:37]} Bh5 {[%emt 0:01:11]} 8. h3 {[%emt 0:00:37]} Na6 {[%emt 0:08:05]} 9. g4 {[%emt 0:05:13]} Qxb3 {[%emt 0:01:17]} 10. axb3 {[%emt 0:00:12]} Nb4 {[%emt 0:00:25]} 11. Ke2 {[%emt 0:24:19]} Bg6 {[%emt 0:03:09]} 12. Nxg6 {[%emt 0:00:14]} hxg6 {[%emt 0:00:10]} 13. Bg2 {[%emt 0:00:37]} g5 {[%emt 0:05:22]} 14. Bd2 {[%emt 0:00:52]} Be7 {[%emt 0:26:09]} 15. Ra4 {[%emt 0:01:15]} Nd7 {[%emt 0:04:09]} 16. Rha1 {[%emt 0:04:59]} Na6 {[%emt 0:03:47]} 17. c5 {[%emt 0:01:22]} O-O-O {[%emt 0:22:24]} 18. b4 {[%emt 0:01:17]} Ndb8 {[%emt 0:03:31]} 19. Be1 {[%emt 0:26:43]} Bf6 {[%emt 0:05:38]} 20. f3 {[%emt 0:19:12]} e5 {[%emt 0:02:07]} 21. Kd3 {[%emt 0:01:08]} Nc7 {[%emt 0:01:52]} 22. Bg3 {[%emt 0:03:55]} exd4 {[%emt 0:00:26]} 23. exd4 {[%emt 0:00:05]} Ne6 {[%emt 0:03:03]} 24. Rxa7 {[%emt 0:01:36]} Na6 {[%emt 0:03:25]} 25. Ra4 {[%emt 0:03:26]} Rhe8 {[%emt 0:02:37]} 26. b5 {[%emt 0:00:33]} Naxc5+ {[%emt 0:00:27]} 27. dxc5 {[%emt 0:00:01]} Nxc5+ {[%emt 0:00:01]} 28. Kc2 {[%emt 0:00:53]} Nxa4 {[%emt 0:00:44]} 29. Nxa4 {[%emt 0:00:08]} Bd4 {[%emt 0:00:27]} 30. b6 {[%emt 0:00:58]} Re2+ {[%emt 0:00:25]} 31. Kd3 {[%emt 0:00:00]} Rxg2 {[%emt 0:00:36]} 32. Kxd4 {[%emt 0:00:01]} Rd2+ {[%emt 0:00:53]} 33. Kc3 {[%emt 0:00:37]} Rd1 {[%emt 0:00:13]} 34. Kc2 {[%emt 0:00:27]} Rd4 {[%emt 0:00:12]} 35. b3 {[%emt 0:00:01]} Kd7 {[%emt 0:01:08]} 36. Nc5+ {[%emt 0:00:01]} Ke8 {[%emt 0:00:08]} 37. Nxb7 {[%emt 0:00:07]} 1-0